000 00466nab a2200145Ia 4500
003 ES-SlBCS
005 20210601145634.0
008 140529s1998 xxu||||| |||| 00| 0 spa d
041 _aspa
100 1 _aHansen, David T.
_9139586
245 0 0 _aLos profesores y la vida cívica de las escuelas
_c David T. Hansen
650 0 4 _aProfesores-Vida Cívica
_9314970
773 0 _tRevista Española de Pedagogia
_gvol. 56, nº. 209, 1998, págs. 31-50
_wRev1353
942 _cAR
999 _c727666
_d727666